[Event "DSM WK M 2011"]
[Site "Karlsruhe GER"]
[Date "2011.05.13"]
[Round "2"]
[White "Schweiger, Lauralie"]
[Black "Bosoy, Taja"]
[Result "0-1"]
[Termination "normal"]
[Board "6.3"]
[WhiteElo "830"]
[BlackElo "862"]
[WhiteTeam "Gymnasium Neureut"]
[BlackTeam "Auguste-Viktoria-Gymnasium Trier"]
[PlyCount "66"]
[EventCountry "GER"]
[EventRounds "7"]
[EventType "team-swiss"]
[EventDate "2011.05.12"]

1. d4 e6 2. e4 d5 3. Nc3 Nf6 4. Bg5 Be7 5. Bd3 Nc6 6. Nf3 O-O 7. O-O Bd6 8. Re1
Qe7 9. exd5 Nb4 10. Bxf6 Qxf6 11. dxe6 Bxe6 12. Qe2 Rae8 13. Nb5 Bf4 14. a3 Nc6
15. c4 Bxc4 16. Qc2 Bxd3 17. Qxd3 a6 18. Nxc7 Bxc7 19. d5 Rd8 20. Qc4 Bb6 21.
dxc6 bxc6 22. Qxa6 Qxb2 23. Rab1 Qxf2+ 24. Kh1 Rb8 25. Rxb6 Rxb6 26. h4 Rxa6
27. Ra1 c5 28. a4 Qb2 29. Rf1 c4 30. Ne1 Rh6 31. Rf4 g5 32. Rxc4 Rxh4+ 33. Rxh4
gxh4 0-1

[Event "DSM WK M 2011"]
[Site "Karlsruhe GER"]
[Date "2011.05.13"]
[Round "2"]
[White "Mauel, Valeria"]
[Black "Fotler, Diana"]
[Result "1-0"]
[Termination "normal"]
[Board "6.4"]
[WhiteElo "869"]
[BlackElo "800"]
[WhiteTeam "Auguste-Viktoria-Gymnasium Trier"]
[BlackTeam "Gymnasium Neureut"]
[PlyCount "85"]
[EventCountry "GER"]
[EventRounds "7"]
[EventType "team-swiss"]
[EventDate "2011.05.12"]

1. e4 e5 2. Nf3 Nc6 3. Bb5 Nf6 4. d3 Bc5 5. Bg5 h6 6. Be3 O-O 7. Bxc5 d6 8.
Bxc6 bxc6 9. Be3 c5 10. Nc3 Rb8 11. b3 Bg4 12. O-O a6 13. Rb1 Qd7 14. h3 Bh5
15. Nd5 Nxd5 16. exd5 Qf5 17. g4 Bxg4 18. hxg4 Qxg4+ 19. Kh1 Qh5+ 20. Nh2 Qh3
21. Qf3 Qh4 22. Rg1 g6 23. Qg4 Rb4 24. Qxh4 Rxh4 25. Rg4 h5 26. Rxh4 a5 27. Bd2
Ra8 28. a4 Kg7 29. Nf3 f6 30. c3 g5 31. Rxh5 Rb8 32. c4 Kg6 33. Rh2 g4 34. Nh4+
Kh5 35. Bxa5 Rb7 36. b4 Kg5 37. f3 g3 38. Rh3 Kf4 39. Kg2 Ra7 40. Rxg3 cxb4 41.
Bxb4 Rxa4 42. Rg7 c5 43. Bd2# 1-0

[Event "DSM WK M 2011"]
[Site "Karlsruhe GER"]
[Date "2011.05.13"]
[Round "2"]
[White "König, Isabel"]
[Black "Kury, Valerie"]
[Result "0-1"]
[Termination "normal"]
[Board "7.1"]
[WhiteElo "910"]
[BlackElo "1253"]
[WhiteTeam "Gymnasium Altenholz"]
[BlackTeam "St. Ursula-Gymnasium Freiburg"]
[PlyCount "46"]
[WhiteFideId "16210000"]
[EventCountry "GER"]
[EventRounds "7"]
[EventType "team-swiss"]
[EventDate "2011.05.12"]

1. d4 Nf6 2. c4 d5 3. Nc3 Bf5 4. Nf3 Nc6 5. Bg5 Nb4 6. Kd2 Bc2 7. Qe1 Ne4+ 8.
Nxe4 dxe4 9. a3 Bb3 10. axb4 exf3 11. exf3 Qxd4+ 12. Kc1 Bxc4 13. Bxc4 Qxc4+
14. Qc3 Qe6 15. Qxc7 Rc8 16. Qxc8+ Qxc8+ 17. Kd2 Qd7+ 18. Ke2 Qb5+ 19. Ke3
Qxg5+ 20. Ke2 Qe5+ 21. Kd2 Qxb2+ 22. Kd3 Qxf2 23. Rxa7 Qxa7 0-1

[Event "DSM WK M 2011"]
[Site "Karlsruhe GER"]
[Date "2011.05.13"]
[Round "2"]
[White "Kury, Karolin"]
[Black "Caliebe, Frauke"]
[Result "1-0"]
[Termination "normal"]
[Board "7.2"]
[WhiteElo "867"]
[BlackElo "837"]
[WhiteTeam "St. Ursula-Gymnasium Freiburg"]
[BlackTeam "Gymnasium Altenholz"]
[PlyCount "73"]
[EventCountry "GER"]
[EventRounds "7"]
[EventType "team-swiss"]
[EventDate "2011.05.12"]

1. e4 c5 2. Nf3 e6 3. Nc3 d6 4. Bb5+ Nd7 5. d3 Ngf6 6. O-O Be7 7. Bg5 O-O 8.
Qe2 a6 9. Ba4 b5 10. Bb3 Bb7 11. e5 Bxf3 12. Qxf3 dxe5 13. Qg3 Rc8 14. Bh6 Nh5
15. Qg4 Ndf6 16. Qg5 Qc7 17. a4 b4 18. Ne2 Rfd8 19. Ng3 g6 20. Nxh5 Nxh5 21.
Qg4 a5 22. Rae1 Bf8 23. Bg5 Re8 24. Qf3 h6 25. Bf6 Bg7 26. Bh4 g5 27. Bg3 Nxg3
28. fxg3 f5 29. g4 fxg4 30. Qxg4 Rf8 31. Bxe6+ Kh7 32. Bxc8 Rxc8 33. Qf5+ Kh8
34. Qg6 Qb6 35. Qxb6 Rg8 36. Rxe5 Bxe5 37. Qxh6# 1-0

[Event "DSM WK M 2011"]
[Site "Karlsruhe GER"]
[Date "2011.05.13"]
[Round "2"]
[White "Tebartz van Elst, Antonia"]
[Black "Morsch, Rebecca"]
[Result "1-0"]
[Termination "normal"]
[Board "7.4"]
[WhiteElo "800"]
[BlackElo "800"]
[WhiteTeam "St. Ursula-Gymnasium Freiburg"]
[BlackTeam "Gymnasium Altenholz"]
[PlyCount "139"]
[EventCountry "GER"]
[EventRounds "7"]
[EventType "team-swiss"]
[EventDate "2011.05.12"]

1. e4 c5 2. Nc3 Nf6 3. Nf3 d6 4. Bb5+ Nc6 5. d3 e6 6. O-O Be7 7. Ng5 O-O 8. Nf3
Re8 9. Bg5 e5 10. Re1 Bg4 11. Qe2 Qd7 12. Rad1 Rad8 13. h3 Bxf3 14. Qxf3 Qe6
15. a4 Nd4 16. Qe3 Nxc2 17. Qe2 Nxe1 18. Qxe1 Rf8 19. Bc4 Qc8 20. Qe2 h6 21.
Bh4 b6 22. b3 Qc7 23. Bg3 Qd7 24. Re1 Rc8 25. Qd1 Ne8 26. Bb5 Qe6 27. Ba6 Rc7
28. Nb5 Rd7 29. Bc8 f5 30. Bxd7 Qxd7 31. f3 f4 32. Bf2 a6 33. Nc3 Qe6 34. g4
fxg3 35. Bxg3 Qg6 36. Ne2 Qg5 37. h4 Qxh4 38. Bxh4 Bxh4 39. Rf1 Rf6 40. Kg2
Rg6+ 41. Kh1 Nf6 42. Rg1 Rxg1+ 43. Qxg1 b5 44. f4 exf4 45. Nxf4 g5 46. Ne6 Kf7
47. Nd8+ Ke7 48. Nc6+ Kd7 49. Na5 d5 50. d4 dxe4 51. dxc5 g4 52. c6+ Kc7 53.
Qa7+ Kc8 54. Qb7+ Kd8 55. c7+ Ke7 56. c8=Q+ Kd6 57. Qb6+ Ke5 58. Qcc7+ Kf5 59.
Qcc5+ Kg6 60. Nc6 Nh5 61. Na7+ Bf6 62. Nc6 Ng3+ 63. Kg2 Nh5 64. Ne7+ Kf7 65.
Qbd6 a5 66. Qcd5+ Kg7 67. Qxh5 Bxe7 68. Qxe7+ Kg8 69. Qxh6 bxa4 70. Qhf8# 1-0

[Event "DSM WK M 2011"]
[Site "Karlsruhe GER"]
[Date "2011.05.13"]
[Round "2"]
[White "Härter, Maja"]
[Black "Tworek, Kristina"]
[Result "1/2-1/2"]
[Termination "normal"]
[Board "8.2"]
[WhiteElo "763"]
[BlackElo "800"]
[WhiteTeam "Gymnasium Neuenbürg"]
[BlackTeam "Gymnasium Carolinum Osnabrück"]
[PlyCount "59"]
[EventCountry "GER"]
[EventRounds "7"]
[EventType "team-swiss"]
[EventDate "2011.05.12"]

1. e4 e5 2. Nf3 Nc6 3. Bc4 d6 4. O-O a6 5. d3 h6 6. h3 Nf6 7. Nc3 Be7 8. Be3
O-O 9. d4 Na5 10. b3 Be6 11. Bxe6 fxe6 12. dxe5 Nh5 13. g4 dxe5 14. gxh5 Qxd1
15. Raxd1 Rxf3 16. Kg2 Rf7 17. Ne2 c5 18. f4 c4 19. Bd2 Nc6 20. bxc4 Bb4 21. c3
Ba5 22. f5 exf5 23. Rxf5 Rxf5 24. exf5 e4 25. Kf2 Re8 26. Rg1 Bb6+ 27. Be3 Bd8
28. Bxh6 Kh7 29. Bg5 Ne7 30. f6 1/2-1/2

[Event "DSM WK M 2011"]
[Site "Karlsruhe GER"]
[Date "2011.05.13"]
[Round "2"]
[White "Samohvalov, Annika"]
[Black "Müller, Svenja"]
[Result "0-1"]
[Termination "normal"]
[Board "8.3"]
[WhiteElo "800"]
[BlackElo "800"]
[WhiteTeam "Gymnasium Carolinum Osnabrück"]
[BlackTeam "Gymnasium Neuenbürg"]
[PlyCount "68"]
[EventCountry "GER"]
[EventRounds "7"]
[EventType "team-swiss"]
[EventDate "2011.05.12"]

1. e4 e5 2. Qf3 Nh6 3. Bb5 c6 4. Ba4 b6 5. Nh3 d6 6. d3 Nd7 7. Bxc6 Rb8 8.
Bxd7+ Bxd7 9. Bg5 Be7 10. Bxh6 gxh6 11. Nc3 b5 12. O-O-O Rg8 13. Nd5 Bg4 14.
Qe3 Bxd1 15. Rxd1 a5 16. Nxe7 Qxe7 17. g3 Qe6 18. b3 Qxh3 19. Rh1 a4 20. Qa7
Rc8 21. Qa6 axb3 22. axb3 Rg5 23. Qxb5+ Kf8 24. Qd7 Qxd7 25. Rf1 Ra8 26. f4
Ra1+ 27. Kd2 Rxf1 28. fxg5 Qg4 29. c4 Qf3 30. Kc3 Rc1+ 31. Kb4 Qxd3 32. c5 Qc3+
33. Ka4 Qxc5 34. h4 Ra1# 0-1

[Event "DSM WK M 2011"]
[Site "Karlsruhe GER"]
[Date "2011.05.13"]
[Round "2"]
[White "Schillinger, Carmen"]
[Black "Hellmann, Stella"]
[Result "1-0"]
[Termination "normal"]
[Board "8.4"]
[WhiteElo "800"]
[BlackElo "800"]
[WhiteTeam "Gymnasium Neuenbürg"]
[BlackTeam "Gymnasium Carolinum Osnabrück"]
[PlyCount "45"]
[EventCountry "GER"]
[EventRounds "7"]
[EventType "team-swiss"]
[EventDate "2011.05.12"]

1. e4 g6 2. Nf3 Nf6 3. Nc3 d6 4. d4 Nc6 5. Bb5 Bd7 6. Bg5 a6 7. Ba4 b5 8. Bb3
h6 9. Bh4 e5 10. Nd5 Be7 11. O-O O-O 12. dxe5 dxe5 13. Re1 Bb4 14. c3 Bc5 15.
Bg3 Re8 16. Nxe5 Nxe5 17. Nxf6+ Qxf6 18. Qd5 Qc6 19. Bxe5 Be6 20. Qxc6 Bd7 21.
Qxc5 Rac8 22. Qd5 Bg4 23. Qxf7# 1-0

[Event "DSM WK M 2011"]
[Site "Karlsruhe GER"]
[Date "2011.05.13"]
[Round "2"]
[White "Holzapfel, Nanne"]
[Black "Wolff, Marie Antoinette"]
[Result "0-1"]
[Termination "normal"]
[Board "9.1"]
[WhiteElo "800"]
[BlackElo "1029"]
[WhiteTeam "Benjamin-Schule Remplin"]
[BlackTeam "Louise-Henriette-Gymnasium Oranienburg"]
[PlyCount "44"]
[BlackFideId "12908258"]
[EventCountry "GER"]
[EventRounds "7"]
[EventType "team-swiss"]
[EventDate "2011.05.12"]

1. e4 e5 2. Nf3 Nc6 3. Bc4 Nf6 4. O-O Bc5 5. Re1 Ng4 6. d3 Nxf2 7. Qe2 Nxd3+ 8.
Be3 Bxe3+ 9. Qxe3 Nxe1 10. Nxe1 O-O 11. Nc3 d6 12. Nf3 Be6 13. Bxe6 fxe6 14.
Ng5 Nd4 15. Ne2 Nxe2+ 16. Qxe2 Qxg5 17. Qc4 Qe3+ 18. Kh1 Rf2 19. Qxe6+ Kh8 20.
Qe7 Raf8 21. Qxc7 Rf1+ 22. Rxf1 Rxf1# 0-1

[Event "DSM WK M 2011"]
[Site "Karlsruhe GER"]
[Date "2011.05.13"]
[Round "2"]
[White "Ziegel, Mandy"]
[Black "Holzapfel, Nele"]
[Result "1-0"]
[Termination "normal"]
[Board "9.2"]
[WhiteElo "800"]
[BlackElo "800"]
[WhiteTeam "Louise-Henriette-Gymnasium Oranienburg"]
[BlackTeam "Benjamin-Schule Remplin"]
[PlyCount "45"]
[EventCountry "GER"]
[EventRounds "7"]
[EventType "team-swiss"]
[EventDate "2011.05.12"]

1. d4 d5 2. Nf3 Nc6 3. e3 e6 4. Bd3 Bb4+ 5. Bd2 Bxd2+ 6. Nbxd2 Nf6 7. O-O O-O
8. b3 Na5 9. Rb1 c6 10. b4 Nc4 11. Nxc4 dxc4 12. Bxc4 Qc7 13. c3 Ng4 14. Qc2 a6
15. g3 b5 16. Bb3 f6 17. a4 bxa4 18. Bxa4 e5 19. h3 Nh6 20. Bb3+ Nf7 21. dxe5
fxe5 22. Ng5 h6 23. Qh7# 1-0

[Event "DSM WK M 2011"]
[Site "Karlsruhe GER"]
[Date "2011.05.13"]
[Round "2"]
[White "Jörs, Pia-Milena"]
[Black "Thimian, Jessica"]
[Result "1-0"]
[Termination "normal"]
[Board "9.3"]
[WhiteElo "800"]
[BlackElo "800"]
[WhiteTeam "Benjamin-Schule Remplin"]
[BlackTeam "Louise-Henriette-Gymnasium Oranienburg"]
[PlyCount "73"]
[WhiteFideId "12964646"]
[EventCountry "GER"]
[EventRounds "7"]
[EventType "team-swiss"]
[EventDate "2011.05.12"]

1. e4 e5 2. Nf3 Nc6 3. Bb5 Bb4 4. O-O Nge7 5. d3 d6 6. c3 Ba5 7. Bg5 O-O 8. Na3
Bg4 9. Nc4 Bb6 10. Qe1 Na5 11. Ne3 Bxf3 12. gxf3 h6 13. Bh4 c6 14. Bc4 d5 15.
exd5 cxd5 16. Bxd5 g5 17. Bg3 Nxd5 18. Nf5 Qf6 19. Qe4 Rad8 20. Bxe5 Qe6 21.
Bg7 Rfe8 22. Qg4 Ne7 23. Rfe1 Qg6 24. Rxe7 Rxe7 25. Nxe7+ Kxg7 26. Nxg6 Kxg6
27. Re1 h5 28. Qa4 h4 29. Re6+ f6 30. Qe4+ Kf7 31. Qf5 Rc8 32. Rd6 Rc5 33. Qh7+
Ke8 34. Qd7+ Kf8 35. Rxf6+ Kg8 36. Qf7+ Kh8 37. Rh6# 1-0

[Event "DSM WK M 2011"]
[Site "Karlsruhe GER"]
[Date "2011.05.13"]
[Round "2"]
[White "Schimmel, Sarina"]
[Black "Schubert, Lea Sophie"]
[Result "1-0"]
[Termination "normal"]
[Board "9.4"]
[WhiteElo "890"]
[BlackElo "800"]
[WhiteTeam "Louise-Henriette-Gymnasium Oranienburg"]
[BlackTeam "Benjamin-Schule Remplin"]
[PlyCount "77"]
[EventCountry "GER"]
[EventRounds "7"]
[EventType "team-swiss"]
[EventDate "2011.05.12"]

1. e4 e5 2. Nf3 Nc6 3. Nc3 Nf6 4. Bc4 b5 5. Bxb5 Na5 6. Nxe5 Bd6 7. Nf3 Bb4 8.
O-O a6 9. Ba4 Bb7 10. d3 O-O 11. a3 Bd6 12. e5 Bc5 13. exf6 Qxf6 14. Bxd7 Rad8
15. Bg4 Nc6 16. Bg5 Qd6 17. Ne4 Qg6 18. Nxc5 Ba8 19. h3 f6 20. Bf4 h5 21. Be6+
Rf7 22. Nh4 Qh7 23. c3 Ne7 24. Qb3 Rdf8 25. Nd7 Bd5 26. Bxd5 Nxd5 27. Qxd5 Rd8
28. Rad1 Rdxd7 29. Qa8+ Rf8 30. Qc6 Rff7 31. Qxa6 g5 32. Qc4 gxf4 33. Qxf4 Qxd3
34. Rxd3 c6 35. Rg3+ Rg7 36. Qh6 Rdf7 37. Re1 Kf8 38. Qh8+ Rg8 39. Rxg8# 1-0